Comment reconcilier l'exegese et la foi (Record n. 66196)

Dettagli MARC
000 -LEADER
fixed length control field 01162nam a2200301Ia 4500
001 - CONTROL NUMBER
control field 33986
003 - CONTROL NUMBER IDENTIFIER
control field IT-RoPAU
008 - FIXED-LENGTH DATA ELEMENTS--GENERAL INFORMATION
fixed length control field 130308s9999 xx 000 0 und d
040 ## - CATALOGING SOURCE
Original cataloging agency IT-RoPAU
040 ## - CATALOGING SOURCE
Transcribing agency IT-RoPAU
041 ## - LANGUAGE CODE
Language code of text/sound track or separate title FRANCESE
999 ## - SYSTEM CONTROL NUMBERS (KOHA)
Koha Dewey Subclass [OBSOLETE] SI
100 ## - MAIN ENTRY--PERSONAL NAME
Personal name Laurentin René
100 ## - MAIN ENTRY--PERSONAL NAME
Miscellaneous information Codice Aut. SPICS: 15018
245 ## - TITLE STATEMENT
Title Comment reconcilier l'exegese et la foi
245 ## - TITLE STATEMENT
Remainder of title Comment reconcilier L'Exegese et la Foi
250 ## - EDITION STATEMENT
Edition statement 1a ed.
260 ## - PUBLICATION, DISTRIBUTION, ETC. (IMPRINT)
Place of publication, distribution, etc. PARIS
260 ## - PUBLICATION, DISTRIBUTION, ETC. (IMPRINT)
Name of publisher, distributor, etc. O.E.I.L.
260 ## - PUBLICATION, DISTRIBUTION, ETC. (IMPRINT)
Date of publication, distribution, etc. 1984 [1° Ed.:1984 - Ed.Ling.Originale:1984]
300 ## - PHYSICAL DESCRIPTION
Extent "216 p. (prefazione: no ; testo: 216)"
500 ## - GENERAL NOTE
General note Come conciliare Esegesi e fede Nascita dell'Esegesi Scientifica Origine della Critica Critica Testuale e fede Interferenze tra fede e Critica Testuale Critica Letteraria Generi Letterari Nei capitoli 1 e 2 di Luca Critica Storica Studio e spiegazione del testo con la Storia Metodo Storico Critico Metodo Semiotico Aspetti della Semiotica Funzione e limite della Semiotica fede e Metodi Scientifici
650 ## - SUBJECT ADDED ENTRY--TOPICAL TERM
Topical term or geographic name as entry element SAGGI DI SEMIOLOGIA
650 ## - SUBJECT ADDED ENTRY--TOPICAL TERM
Relator term Codice materia Spics: 3257
942 ## - ADDED ENTRY ELEMENTS (KOHA)
Koha item type LIBRO
957 ## -
-- 1
999 ## - SYSTEM CONTROL NUMBERS (KOHA)
-- 1
Dati di copia
Withdrawn status Lost status Damaged status Not for loan Home library Current library Date acquired Total Checkouts Full call number Date last seen Price effective from Koha item type Public note
    Buone Condizioni Not For Loan SPICS-MEDIATECA SPICS-MEDIATECA 08/03/2013   33986 08/03/2013 08/03/2013 LIBRO Progressivo inserimento: 6386 / N. Volumi: 1 Copie: 1 Copia Rara: SI / data import: 1 marzo 2013 - By Epidotti, Trombetti, Vaglietti.
CREDITS: SOCIETA' SAN PAOLO Via A.Severo, 58 - ROMA (RM) & PERIODICI SAN PAOLO SRL Via Giotto, 36 MILANO & CISF Via Giotto, 36 MILANO & EDIZIONI SAN PAOLO SRL,  Piazza Soncino, 5 CINISELLO BALSAMO (MI) -- ITALY